El Pastor Fido (Record no. 183420)

MARC details
000 -LEADER
campo de control de longitud fija 00718nam a2200205 i 4500
001 - NÚMERO DE CONTROL
campo de control 183420
003 - IDENTIFICADOR DE NÚMERO DE CONTROL
campo de control ES-MaACL
005 - FECHA Y HORA DE LA ÚLTIMA TRANSACCIÓN
campo de control 20251015063154.0
008 - DATOS DE LONGITUD FIJA--INFORMACIÓN GENERAL
campo de control de longitud fija 140416s1914 it | |||| ||ita d
100 1# - ENTRADA PRINCIPAL--NOMBRE DE PERSONA
Nombre de persona Guarini, Battista,
Fechas asociadas al nombre 1538-1612
9 (RLIN) 127590
245 10 - MENCIÓN DEL TÍTULO
Título El Pastor Fido
Resto del título : e il Compendio della poesia tragicomica /
Mención de responsabilidad, etc. Giambattista Guarini ; a cura di Gioachino Brognoligo.
260 ## - PUBLICACIÓN, DISTRIBUCIÓN, ETC.
Lugar de publicación, distribución, etc. Bari :
Nombre del editor, distribuidor, etc. Gius. Laterza & Figli,
Fecha de publicación, distribución, etc. 1914.
300 ## - DESCRIPCIÓN FÍSICA
Extensión 310 p. ;
Dimensiones 22 cm.
490 1# - MENCIÓN DE SERIE
Mención de serie Scrittori d'Italia ;
Designación de volumen o secuencia 61
700 1# - ENTRADA AGREGADA--NOMBRE PERSONAL
Nombre de persona Brognoligo, Gioachino.
9 (RLIN) 154744
740 0# - ENTRADA AGREGADA--TÍTULO RELACIONADO/ANALÍTICO NO CONTROLADO
Título relacionado o analítico no controlado Compendio della poesia tragicomica.
830 00 - PUNTO DE ACCESO ADICIONAL DE SERIE-TÍTULO UNIFORME
Título uniforme Scrittori d'Italia
Designación de volumen o secuencia 61
9 (RLIN) 191925
852 ## - LOCALIZACIÓN
Ubicación ES-MaACL
Número de control de estantería G-3762
Holdings
Estatus retirado Estado de pérdida Estado de daño No para préstamo Biblioteca de origen Biblioteca actual Ubicación en estantería Fecha de adquisición Fuente de adquisición Total de préstamos Signatura topográfica completa Código de barras Visto por última vez Precio de reemplazo Tipo de ítem Koha
        Biblioteca del Ateneo de Madrid Biblioteca del Ateneo de Madrid Depósito 2 16/04/2014     G-3762 1192789 23/02/2023 23/02/2023 Libro impreso